| 000 | 00823nam a22002297a 4500 | ||
|---|---|---|---|
| 999 |
_c6655 _d6655 |
||
| 003 | AR-CdUCM | ||
| 008 | 190318b ||||| |||| 00| 0 spa d | ||
| 020 | _a0-8087-0138-X | ||
| 040 |
_aMUNICIPALIDAD PROVINCIAL DEL CUSCO _cBIBLIOTECA MUNICIPAL DEL CUSCO |
||
| 082 |
_a508 / _bB57 |
||
| 100 |
_aPeréz Ossorio, Rafael _918721 |
||
| 245 | _aLa biología como arma social / | ||
| 260 |
_aMadrid : _bAlhambra, _c1982. |
||
| 300 |
_a290 páginas ; _c20 cm. |
||
| 440 |
_aExedra - Ciencia técnica ingeniería _n135 _918722 |
||
| 500 | _aTitulo original: Biology as a social weapon. | ||
| 505 | _aRaza y cociente intelectual -- El papel de los sexos -- Agresión -- La crisis del medio ambiente ... | ||
| 650 |
_aSociobiología _918723 |
||
| 700 |
_aLopez fanjul de Arguelles _918724 |
||
| 942 |
_2ddc _cLIBROS |
||
| 945 | _aacv | ||